Smallest Bordering Countries Quiz Stats

 Plays Quiz Updated Feb 13, 2019

     
Support Sporcle.
Go Orange.
Score 0/25 Timer 05:00
1 Play Today
No. (Size: sq. km) Country % Correct
1 (0.44)Vatican City
97.5%
2 (2)Monaco
89.5%
5 (61)San Marino
87.6%
17 (468)Andorra
87.3%
28 (2,586)Luxembourg
86.9%
6 (160)Liechtenstein
86.7%
54 (27,750)Haiti
67.8%
39 (11,586)Qatar
65.4%
50 (22,966)Belize
64.6%
44 (17,364)Eswatini
64.2%
36 (10,887)Kosovo
63.7%
32 (5,765)Brunei
62.5%
45 (17,818)Kuwait
60.3%
No. (Size: sq. km) Country % Correct
48 (20,770)Israel
60.3%
41 (13,812)Montenegro
55.9%
51 (23,200)Djibouti
54.8%
33 (6,020)Palestine
54.1%
49 (21,041)El Salvador
53.9%
35 (10,400)Lebanon
53.8%
38 (11,295)The Gambia
53.6%
43 (14,874)Timor-Leste
52.3%
52 (25,713)North Macedonia
50.2%
53 (26,338)Rwanda
50.1%
55 (27,830)Burundi
49.8%
47 (20,273)Slovenia
42.7%

From the Vault

Double Letter US State Capitals

by timmylemoine1

Geography 90s
Do they really need all those extra letters?
Remove Ads.
Support Sporcle.
Get the best of Sporcle when you Go Orange. This ad-free experience offers more features, more stats, and more fun while also helping to support Sporcle. Thank you for becoming a member.

Show Comments

Extras

Top Quizzes Today


Score Distribution

Your Account Isn't Verified!

In order to create a playlist on Sporcle, you need to verify the email address you used during registration. Go to your Sporcle Settings to finish the process.

Report this User

Report this user for behavior that violates our Community Guidelines.

Details: